Представление документа в формате MARC21

ПолеНазваниеЗначение
  Тип записи a
  Библиографический уровень m
001 Контрольный номер RU\infra-m\znanium\bibl\2135310
005 Дата корректировки 20260429142133.7
008 Кодируемые данные 240112s2024 RU g rus u
040 Источник каталогиз. __
a Служба первич. каталог. Общество с ограниченной ответственностью «ЗНАНИУМ»
041 Код языка издания __
a Код языка текста rus
044 Код страны публикации __
a Код страны публикации RU
080 Индекс УДК __
a Индекс УДК 528
084 Индекс другой классификации/Индекс ББК __
2 Источник индекса rubbk
a Индекс другой классификации/Индекс ББК 261
084 Индекс другой классификации/Индекс ББК __
2 Источник индекса rubbk
a Индекс другой классификации/Индекс ББК 3297
084 Индекс другой классификации/Индекс ББК __
2 Источник индекса okso
a Индекс другой классификации/Индекс ББК 05.03.03
084 Индекс другой классификации/Индекс ББК __
2 Источник индекса okso
a Индекс другой классификации/Индекс ББК 21.05.01
100 Автор __
a Автор Манойло Д.С.
q Полное имя Манойло Дмитрий Сергеевич
u Дополнение Российский университет транспорта (МИИТ)
245 Заглавие __
a Заглавие Использование современных методов спутникового позиционирования для определения координат
b Продолж. заглавия Для студентов изучающих геодезию и геоинформатику; Учебное пособие
c Ответственность Российский университет транспорта (МИИТ); Российский университет транспорта (МИИТ)
260 Выходные данные __
a Место издания Москва
b Издательство Федеральное государственное автономное образовательное учреждение высшего образования «Российский университет транспорта»
c Дата издания 2023
300 Физическое описание __
a Объем 63 с.
520 Аннотация __
a Аннотация Цель пособия - знакомство со спутниковыми методами позиционирования и современными методами обработки данных на примере 3-х программных обеспечений КРЕДО ГНСС Trimble Business Centre(TBC) EFT Post Processing. Рекомендовано для студентов специалитета по специализации геоинформационные технологии при проектировании строительстве и эксплуатации транспортной инфраструктуры.
521 Примеч. о цел. назн. __
a Примеч. о целев. назн. ВО - Бакалавриат
650 Тематические рубрики __
a Основная рубрика Информатика. Вычислительная техника
x Основная подрубрика Прикладное программное обеспечение
655 Указ. предметных рубрик (устаревшее) __
a Жанр/ форма (устаревшее) Учебное пособие
700 Другие авторы __
a Другие авторы Тихонов А.Д.
q Полное имя Тихонов Александр Дмитриевич
u Дополнение Государственный университет по землеустройству
700 Другие авторы __
a Другие авторы Макаров С.О.
q Полное имя Макаров Станислав Олегович
u Дополнение Российский университет транспорта (МИИТ)
856 Электронный адрес документа 4_
a Имя сервера/домена znanium.ru
m Помощь ebs_support@infra-m.ru
n Местонахождение сервера НИЦ ИНФРА-М
u URL https://znanium.ru/catalog/document?id=440413
856 Электронный адрес документа 48
a Имя сервера/домена znanium.ru
d Путь /cover/2135
f Электронное имя 2135310.jpg
q Тип электронного формата image/jpeg
u URL https://znanium.ru/cover/2135/2135310.jpg
911 __
u 0030=https://znanium.ru/catalog/document?id=440413
911 __
u 712a=Российский университет транспорта (МИИТ)